00353nam a2200109Ia 4500008004100000082000800041100001500049245006300064942000600127952009500133999001500228240331s9999 xx 000 0 und d bANA aAnandhi, S 0aLand to the dalits :bpanchani land struggle in Tamil Nadu cL 001040708LaWERCLbWERCLcSSCd2024-03-31l0o 305 ANAp1199r2024-03-31w2024-03-31yL c1443d1443